<?xml version="1.0" encoding="UTF-8"?>
<record
    xmlns:xsi="http://www.w3.org/2001/XMLSchema-instance"
    xsi:schemaLocation="http://www.loc.gov/MARC21/slim http://www.loc.gov/standards/marcxml/schema/MARC21slim.xsd"
    xmlns="http://www.loc.gov/MARC21/slim">

  <leader>02022    a2200337   4500</leader>
  <datafield tag="999" ind1=" " ind2=" ">
    <subfield code="c">97060</subfield>
    <subfield code="d">97060</subfield>
  </datafield>
  <controlfield tag="003">NALT</controlfield>
  <controlfield tag="005">20250312153136.0</controlfield>
  <controlfield tag="008">200630b        th ||||| |||| 00| 0 tha d</controlfield>
  <datafield tag="020" ind1=" " ind2=" ">
    <subfield code="a">9789740216926</subfield>
  </datafield>
  <datafield tag="040" ind1=" " ind2=" ">
    <subfield code="a">NALT</subfield>
  </datafield>
  <datafield tag="041" ind1="1" ind2=" ">
    <subfield code="a">tha</subfield>
    <subfield code="h">eng</subfield>
  </datafield>
  <datafield tag="050" ind1=" " ind2=" ">
    <subfield code="a">DS 601</subfield>
    <subfield code="b">&#xE27;371&#xE2B; 2563</subfield>
  </datafield>
  <datafield tag="100" ind1="1" ind2=" ">
    <subfield code="9">45943</subfield>
    <subfield code="a">&#xE27;&#xE2D;&#xE25;&#xE40;&#xE25;&#xE0B;, &#xE2D;&#xE31;&#xE25;&#xE40;&#xE1F;&#xE23;&#xE14; &#xE23;&#xE31;&#xE2A;&#xE40;&#xE0B;&#xE25;</subfield>
  </datafield>
  <datafield tag="245" ind1="1" ind2="0">
    <subfield code="a">&#xE2B;&#xE21;&#xE39;&#xE48;&#xE40;&#xE01;&#xE32;&#xE30;&#xE21;&#xE32;&#xE40;&#xE25;&#xE22;&#xE4C; : </subfield>
    <subfield code="b">&#xE14;&#xE34;&#xE19;&#xE41;&#xE14;&#xE19;&#xE41;&#xE2B;&#xE48;&#xE07;&#xE2D;&#xE38;&#xE23;&#xE31;&#xE07;&#xE2D;&#xE38;&#xE15;&#xE31;&#xE07;&#xE41;&#xE25;&#xE30;&#xE1B;&#xE31;&#xE01;&#xE29;&#xE32;&#xE2A;&#xE27;&#xE23;&#xE23;&#xE04;&#xE4C; &#xE1A;&#xE31;&#xE19;&#xE17;&#xE36;&#xE01;&#xE01;&#xE32;&#xE23;&#xE40;&#xE14;&#xE34;&#xE19;&#xE17;&#xE32;&#xE07;&#xE41;&#xE25;&#xE30;&#xE01;&#xE32;&#xE23;&#xE28;&#xE36;&#xE01;&#xE29;&#xE32;&#xE21;&#xE19;&#xE38;&#xE29;&#xE22;&#xE4C;&#xE01;&#xE31;&#xE1A;&#xE18;&#xE23;&#xE23;&#xE21;&#xE0A;&#xE32;&#xE15;&#xE34; &#xE40;&#xE25;&#xE48;&#xE21; 1 / </subfield>
    <subfield code="c">&#xE42;&#xE14;&#xE22; &#xE2D;&#xE31;&#xE25;&#xE40;&#xE1F;&#xE23;&#xE14; &#xE23;&#xE31;&#xE2A; &#xE27;&#xE2D;&#xE25;&#xE40;&#xE25;&#xE0B; ; &#xE19;&#xE33;&#xE0A;&#xE31;&#xE22; &#xE0A;&#xE35;&#xE27;&#xE27;&#xE34;&#xE27;&#xE23;&#xE23;&#xE18;&#xE19;&#xE4C;, &#xE13;&#xE31;&#xE10;&#xE1E;&#xE25; &#xE2D;&#xE48;&#xE2D;&#xE19;&#xE1B;&#xE32;&#xE19;, &#xE15;&#xE48;&#xE2D;&#xE28;&#xE31;&#xE01;&#xE14;&#xE34;&#xE4C; &#xE2A;&#xE35;&#xE25;&#xE32;&#xE19;&#xE31;&#xE19;&#xE17;&#xE4C; &#xE41;&#xE25;&#xE30;&#xE28;&#xE28;&#xE34;&#xE27;&#xE34;&#xE21;&#xE25; &#xE41;&#xE2A;&#xE27;&#xE07;&#xE1C;&#xE25; &#xE41;&#xE1B;&#xE25;.</subfield>
  </datafield>
  <datafield tag="246" ind1="3" ind2="1">
    <subfield code="a">The Malay Archipela Vol.I</subfield>
  </datafield>
  <datafield tag="246" ind1="3" ind2="0">
    <subfield code="a">&#xE2B;&#xE21;&#xE39;&#xE48;&#xE40;&#xE01;&#xE32;&#xE30;&#xE21;&#xE32;&#xE40;&#xE25;&#xE22;&#xE4C; &#xE40;&#xE25;&#xE48;&#xE21; 1</subfield>
  </datafield>
  <datafield tag="250" ind1=" " ind2=" ">
    <subfield code="a">&#xE1E;&#xE34;&#xE21;&#xE1E;&#xE4C;&#xE04;&#xE23;&#xE31;&#xE49;&#xE07;&#xE41;&#xE23;&#xE01;</subfield>
  </datafield>
  <datafield tag="260" ind1=" " ind2=" ">
    <subfield code="a">&#xE01;&#xE23;&#xE38;&#xE07;&#xE40;&#xE17;&#xE1E;&#xE2F; :</subfield>
    <subfield code="b">&#xE21;&#xE15;&#xE34;&#xE0A;&#xE19;,</subfield>
    <subfield code="c">2563.</subfield>
  </datafield>
  <datafield tag="300" ind1=" " ind2=" ">
    <subfield code="a">423 &#xE2B;&#xE19;&#xE49;&#xE32; :</subfield>
    <subfield code="b">&#xE20;&#xE32;&#xE1E;&#xE1B;&#xE23;&#xE30;&#xE01;&#xE2D;&#xE1A; ;</subfield>
    <subfield code="c">22 &#xE0B;&#xE21;.</subfield>
  </datafield>
  <datafield tag="650" ind1=" " ind2="4">
    <subfield code="9">45951</subfield>
    <subfield code="a">&#xE0A;&#xE32;&#xE15;&#xE34;&#xE1E;&#xE31;&#xE19;&#xE18;&#xE38;&#xE4C;&#xE27;&#xE34;&#xE17;&#xE22;&#xE32;</subfield>
    <subfield code="z">&#xE2B;&#xE21;&#xE39;&#xE48;&#xE40;&#xE01;&#xE32;&#xE30;&#xE21;&#xE32;&#xE40;&#xE25;&#xE22;&#xE4C;</subfield>
  </datafield>
  <datafield tag="650" ind1=" " ind2="4">
    <subfield code="9">45957</subfield>
    <subfield code="a">&#xE2B;&#xE21;&#xE39;&#xE48;&#xE40;&#xE01;&#xE32;&#xE30;</subfield>
  </datafield>
  <datafield tag="651" ind1=" " ind2="4">
    <subfield code="9">45954</subfield>
    <subfield code="a">&#xE2B;&#xE21;&#xE39;&#xE48;&#xE40;&#xE01;&#xE32;&#xE30;&#xE21;&#xE32;&#xE40;&#xE25;&#xE22;&#xE4C;</subfield>
    <subfield code="x">&#xE20;&#xE39;&#xE21;&#xE34;&#xE1B;&#xE23;&#xE30;&#xE40;&#xE17;&#xE28;&#xE41;&#xE25;&#xE30;&#xE01;&#xE32;&#xE23;&#xE17;&#xE48;&#xE2D;&#xE07;&#xE40;&#xE17;&#xE35;&#xE48;&#xE22;&#xE27;</subfield>
  </datafield>
  <datafield tag="651" ind1=" " ind2="4">
    <subfield code="9">45948</subfield>
    <subfield code="a">&#xE2B;&#xE21;&#xE39;&#xE48;&#xE40;&#xE01;&#xE32;&#xE30;&#xE21;&#xE32;&#xE40;&#xE25;&#xE22;&#xE4C;</subfield>
  </datafield>
  <datafield tag="700" ind1="0" ind2=" ">
    <subfield code="a">&#xE19;&#xE33;&#xE0A;&#xE31;&#xE22; &#xE0A;&#xE35;&#xE27;&#xE27;&#xE34;&#xE27;&#xE23;&#xE23;&#xE18;&#xE19;&#xE4C;.</subfield>
    <subfield code="9">33609</subfield>
  </datafield>
  <datafield tag="700" ind1="0" ind2=" ">
    <subfield code="9">45958</subfield>
    <subfield code="a">&#xE13;&#xE31;&#xE10;&#xE1E;&#xE25; &#xE2D;&#xE48;&#xE2D;&#xE19;&#xE1B;&#xE32;&#xE19;</subfield>
  </datafield>
  <datafield tag="700" ind1="0" ind2=" ">
    <subfield code="9">45959</subfield>
    <subfield code="a">&#xE15;&#xE48;&#xE2D;&#xE28;&#xE31;&#xE01;&#xE14;&#xE34;&#xE4C; &#xE2A;&#xE35;&#xE25;&#xE32;&#xE19;&#xE31;&#xE19;&#xE17;&#xE4C;</subfield>
  </datafield>
  <datafield tag="700" ind1="0" ind2=" ">
    <subfield code="9">45960</subfield>
    <subfield code="a">&#xE28;&#xE28;&#xE34;&#xE27;&#xE34;&#xE21;&#xE25; &#xE41;&#xE2A;&#xE27;&#xE07;&#xE1C;&#xE25;</subfield>
  </datafield>
  <datafield tag="850" ind1=" " ind2=" ">
    <subfield code="a">NALT</subfield>
  </datafield>
  <datafield tag="942" ind1=" " ind2=" ">
    <subfield code="2">lcc</subfield>
    <subfield code="c">GB</subfield>
  </datafield>
  <datafield tag="998" ind1=" " ind2=" ">
    <subfield code="b">phon</subfield>
    <subfield code="c">phon</subfield>
    <subfield code="j">1020</subfield>
    <subfield code="k"> &#xE19;&#xE32;&#xE07;&#xE08;&#xE33;&#xE40;&#xE23;&#xE35;&#xE22;&#xE07;  &#xE23;&#xE30;&#xE27;&#xE31;&#xE07;&#xE2A;&#xE33;&#xE42;&#xE23;&#xE07;</subfield>
  </datafield>
  <datafield tag="952" ind1=" " ind2=" ">
    <subfield code="0">0</subfield>
    <subfield code="1">0</subfield>
    <subfield code="2">lcc</subfield>
    <subfield code="4">0</subfield>
    <subfield code="7">0</subfield>
    <subfield code="8">CGBL</subfield>
    <subfield code="a">NALT</subfield>
    <subfield code="b">NALT</subfield>
    <subfield code="c">GEN</subfield>
    <subfield code="d">2020-06-22</subfield>
    <subfield code="e">20</subfield>
    <subfield code="l">0</subfield>
    <subfield code="o">DS 601 &#xE27;371&#xE2B; 2563</subfield>
    <subfield code="p">3961210670</subfield>
    <subfield code="r">2020-07-10 00:00:00</subfield>
    <subfield code="w">2020-06-22</subfield>
    <subfield code="y">GB</subfield>
  </datafield>
</record>
